Lay my burden down : (Record no. 19694)

000 -LEADER
fixed length control field 00525cam a2200193 a 4500
020 ## - INTERNATIONAL STANDARD BOOK NUMBER
ISBN 0820310301
040 ## - CATALOGING SOURCE
Transcribing agency DLC
082 00 - DEWEY DECIMAL CLASSIFICATION NUMBER
Classification number 398 CFI 2020 C277 Or.
245 00 - TITLE STATEMENT
Title Lay my burden down :
Remainder of title a folk history of slavery /
300 ## - PHYSICAL DESCRIPTION
Number of Pages xl, 297 pages, 17 unnumbered pages of plates :
Other physical details illustrations ;
Dimensions 23 cm.
500 ## - GENERAL NOTE
General note "Brown thrasher books."
650 #0 - SUBJECT ADDED ENTRY--TOPICAL TERM
Topical Term Slaves
650 #0 - SUBJECT ADDED ENTRY--TOPICAL TERM
Topical Term Slaves
650 #0 - SUBJECT ADDED ENTRY--TOPICAL TERM
Topical Term Slaves
650 #0 - SUBJECT ADDED ENTRY--TOPICAL TERM
Topical Term African Americans
650 #0 - SUBJECT ADDED ENTRY--TOPICAL TERM
Topical Term Folklore
700 1# - ADDED ENTRY--PERSONAL NAME
Personal name Botkin, Benjamin Albert,
942 ## - ADDED ENTRY ELEMENTS (KOHA)
Koha item type ADB

No items available.

មជ្ឈមណ្ឌលឯការនៃសាកលវិទ្យាល័យភូមិន្ទកសិកម្មចំការដូង

Powered by Koha